Management and motivation Selected Readings
Na minha lista:
| Outros Autores: | , |
|---|---|
| Formato: | Livro |
| Idioma: | inglês |
| Publicado em: |
London
Penguin Books
1992
|
| Edição: | 2. ed. |
| Assuntos: | |
| Tags: |
Sem tags, seja o primeiro a adicionar uma tag!
|
MARC
| LEADER | 00000nam a2200000 4500 | ||
|---|---|---|---|
| 001 | c001846 | ||
| 005 | 20221221080250.6 | ||
| 020 | |a 0-14-009151-3 | ||
| 041 | 0 | |a eng | |
| 044 | |a GB | ||
| 245 | 1 | 0 | |a Management and motivation |b Selected Readings |c Edit. Victor H. Vroom, Edward L. Deci |
| 250 | |a 2. ed. | ||
| 264 | 1 | |a London |b Penguin Books |c 1992 | |
| 300 | |a 493 s. | ||
| 610 | 2 | 0 | |a manažment |
| 610 | 2 | 0 | |a riadenie |
| 610 | 2 | 0 | |a motivácia |
| 610 | 2 | 0 | |a správanie |
| 610 | 2 | 0 | |a motivácia pracovná |
| 610 | 2 | 0 | |a spokojnosť v práci |
| 610 | 2 | 0 | |a výkony pracovné |
| 610 | 2 | 0 | |a vedenie |
| 610 | 2 | 0 | |a činiteľ ľudský |
| 610 | 2 | 0 | |a psychológia |
| 610 | 2 | 0 | |a organizácia |
| 700 | 1 | |a Vroom, Victor H. | |
| 700 | 1 | |a Deci, Edward L. | |